000 00732nam a2200217 i 4500
001 100739
003 ES-MaACL
005 20230906182733.0
007 t|
008 051005s1976 sp ||||1| spa d
100 1 _aMathieu, Victorio.
_979051
245 1 3 _aLa esperanza de la revolución /
_cVictorio Mathieu; [versión de Anita Fratarcángeli Cobo].
260 _aMadrid :
_bInstituto de Estudios Políticos,
_c1976.
300 _a356 p. ;
_c21 cm.
490 1 _aIdeologías contemporáneas
700 1 _aFratarcángeli Cobo, Ana.
_952387
710 2 _aInstituto de Estudios Políticos (Madrid)
_94924
830 0 _aIdeologías contemporáneas
_9184374
852 _aES-MaACL
_jA-6103
_bR.95152
999 _c100739
_d100739